| 000 | 00491nam a2200169Ia 4500 | ||
|---|---|---|---|
| 003 | GCL | ||
| 008 | 140319s9999 xx 000 0 ara d | ||
| 040 |
_aGCL / _cGCL |
||
| 082 | 0 | 4 |
_a895.6 _bش ب |
| 100 | 1 | _aمشوسا كواندو | |
| 245 | 1 | 0 |
_aالبحر والسم: رواية يابانية / _cمشوسا كواندو |
| 260 |
_a[S.N] : _bدار التنوير للطباعة والنشر ، _c1985 |
||
| 300 | _a181 ص | ||
| 490 | _a | ||
| 650 | 0 | 4 | _aالقصص |
| 942 |
_2ddc _cBK |
||
| 999 |
_c53490 _d53490 |
||